[Event "GER-ch Net Amateur Gr-C Final"]
[Site "Playchess.com INT"]
[Date "2020.04.18"]
[Round "6"]
[White "Lampe, Finn"]
[Black "Schenk, Michael"]
[Result "1-0"]
[WhiteElo "1622"]
[BlackElo "1373"]
[PlyCount "83"]
[EventDate "2020.04.18"]
[EventType "swiss (blitz)"]
[EventRounds "13"]
[EventCountry "GER"]
[SourceTitle "CBM 195 Extra"]
[Source "ChessBase"]
[SourceDate "2020.05.31"]
[SourceVersion "1"]
[SourceVersionDate "2020.05.31"]
[SourceQuality "1"]

1. e4 c5 2. Nf3 d6 3. c3 Nc6 4. d4 cxd4 5. cxd4 g6 6. Be3 Bg7 7. Bb5 Bd7 8. d5 Ne5 9. Bxd7+ Qxd7 10. Nxe5 Bxe5 11. Bd4 Nf6 12. Bxe5 dxe5 13. f3 Qd6 14. Nc3 0-0 15. 0-0 Qb6+ 16. Kh1 Qxb2 17. Rb1 Qxc3 18. Rxb7 a5 19. Rf2 Qc5 20. Rc2 Qd6 21. Rcc7 Rab8 22. Rxe7 Rxb7 23. Rxb7 Rb8 24. Rxb8+ Qxb8 25. h3 Qb2 26. Qa4 Qc3 27. d6 Qb4 28. Qxb4 axb4 29. Kg1 Kf8 30. Kf2 Nd7 31. Ke3 Ke8 32. Kd3 Nc5+ 33. Kc4 Ne6 34. Kxb4 Nf4 35. a4 Kd7 36. Kc5 Nxg2 37. a5 Nf4 38. a6 Ne6+ 39. Kd5 Nd8 40. a7 Nb7 41. a8Q Nxd6 42. Qc6+ 1-0

[Event "GER-ch Net Amateur Gr-C Final"]
[Site "Playchess.com INT"]
[Date "2020.04.18"]
[Round "5"]
[White "Schoen, Fabian"]
[Black "Lampe, Finn"]
[Result "0-1"]
[WhiteElo "1478"]
[BlackElo "1622"]
[PlyCount "110"]
[EventDate "2020.04.18"]
[EventType "swiss (blitz)"]
[EventRounds "13"]
[EventCountry "GER"]
[SourceTitle "CBM 195 Extra"]
[Source "ChessBase"]
[SourceDate "2020.05.31"]
[SourceVersion "1"]
[SourceVersionDate "2020.05.31"]
[SourceQuality "1"]

1. Nf3 Nf6 2. c4 e6 3. b3 d5 4. Bb2 c6 5. g3 Be7 6. Bg2 Nbd7 7. 0-0 Nb6 8. e3 dxc4 9. bxc4 Nxc4 10. Qc2 Nxb2 11. Qxb2 0-0 12. Nc3 Nd5 13. Nxd5 exd5 14. d4 Bg4 15. h3 Bxf3 16. Bxf3 Qc7 17. Bg2 Rfd8 18. Kh2 Bf6 19. Rab1 Rab8 20. a4 c5 21. Rfd1 cxd4 22. exd4 h5 23. Qb3 Qd6 24. Qb5 h4 25. Qc5 hxg3+ 26. fxg3 Qxc5 27. dxc5 d4 28. Rxb7 Rxb7 29. Bxb7 Rd7 30. Bc6 Rc7 31. Bb5 Rxc5 32. g4 Rc2+ 33. Kg3 Rc3+ 34. Kf4 Rxh3 35. g5 Rh4+ 36. Kf5 Bd8 37. Ke5 Bxg5 38. Rxd4 Bf6+ 39. Kf5 Rxd4 40. a5 Rd5+ 41. Ke4 Rxb5 42. Kd3 Rxa5 43. Kc4 g5 44. Kd3 g4 45. Ke3 g3 46. Kf3 g2 47. Kxg2 Ra3 48. Kf2 Rc3 49. Ke2 a5 50. Kd2 a4 51. Kd1 a3 52. Kd2 a2 53. Kd1 a1Q+ 54. Kd2 Qb2+ 55. Kd1 Rc1# 0-1

[Event "GER-ch Net Amateur Gr-C Vor3"]
[Site "Playchess.com INT"]
[Date "2020.04.16"]
[Round "2"]
[White "Lampe, Finn"]
[Black "Koholka, Jan"]
[Result "0-1"]
[WhiteElo "1547"]
[BlackElo "1762"]
[PlyCount "112"]
[EventDate "2020.04.16"]
[EventType "swiss (blitz)"]
[EventRounds "9"]
[EventCountry "GER"]
[SourceTitle "CBM 195 Extra"]
[Source "ChessBase"]
[SourceDate "2020.05.31"]
[SourceVersion "1"]
[SourceVersionDate "2020.05.31"]
[SourceQuality "1"]

1. e4 e5 2. Nf3 Nc6 3. d4 exd4 4. Nxd4 Nf6 5. Nxc6 bxc6 6. Nc3 Bb4 7. Bg5 h6 8. Bxf6 Qxf6 9. Qd3 Bxc3+ 10. Qxc3 Qxc3+ 11. bxc3 0-0 12. Bd3 d5 13. 0-0 Bg4 14. f3 Bh5 15. Rab1 Rab8 16. Rb3 Rb6 17. Rfb1 f6 18. c4 dxe4 19. Bxe4 Bf7 20. Rxb6 cxb6 21. Bd3 c5 22. Re1 Re8 23. Rxe8+ Bxe8 24. Kf2 Kf7 25. Ke3 Ke6 26. Kf4 g5+ 27. Kg4 Ke5 28. c3 a5 29. g3 Ke6 30. f4 h5+ 31. Kf3 Bc6+ 32. Ke3 Ba4 33. Bg6 Bd1 34. fxg5 fxg5 35. Kd2 Bg4 36. h3 Bxh3 37. Bxh5 Ke5 38. Ke3 Bf1 39. Bf7 a4 40. Bd5 a3 41. Bf7 Bh3 42. Bd5 Bf5 43. Bg8 Bb1 44. Bf7 Bxa2 45. Be8 Bb1 46. Bf7 a2 47. Bh5 a1Q 48. Be2 Qxc3+ 49. Kf2 Qd4+ 50. Ke1 Bd3 51. Bxd3 Qxd3 52. Kf2 Qxc4 53. Ke1 Qa2 54. Kd1 Kd4 55. Ke1 Ke3 56. g4 Qe2# 0-1

[Event "GER-ch Net Amateur Gr-C Vor2"]
[Site "Playchess.com INT"]
[Date "2020.04.15"]
[Round "3"]
[White "Kuever, Bastian"]
[Black "Lampe, Finn"]
[Result "1/2-1/2"]
[WhiteElo "1582"]
[BlackElo "1620"]
[PlyCount "117"]
[EventDate "2020.04.15"]
[EventType "swiss (blitz)"]
[EventRounds "9"]
[EventCountry "GER"]
[SourceTitle "CBM 196 Extra"]
[Source "ChessBase"]
[SourceDate "2020.07.31"]
[SourceVersion "1"]
[SourceVersionDate "2020.07.31"]
[SourceQuality "1"]

1. c4 Nc6 2. Nc3 Nf6 3. g3 b6 4. Bg2 Bb7 5. Nf3 e6 6. d4 Bb4 7. Qc2 0-0 8. 0-0 Re8 9. e3 d5 10. cxd5 exd5 11. a3 Bxc3 12. Qxc3 Qd7 13. Nd2 Ne4 14. Nxe4 dxe4 15. b4 Ne7 16. Bb2 Nd5 17. Qc2 Nf6 18. Rac1 Rac8 19. a4 Nd5 20. Ba3 Nf6 21. b5 c6 22. Qb3 cxb5 23. axb5 a6 24. bxa6 Bxa6 25. Rxc8 Rxc8 26. Rc1 Rxc1+ 27. Bxc1 Qb5 28. Qxb5 Bxb5 29. h4 Bc6 30. Ba3 b5 31. Bf1 Nd5 32. Bc5 b4 33. Bc4 g6 34. Bxd5 Bxd5 35. Bxb4 Kg7 36. Kf1 Kf6 37. Ke2 Ke6 38. Bc5 f5 39. Kf1 Kd7 40. Kg2 Ke6 41. Kh3 Kf6 42. g4 fxg4+ 43. Kxg4 h5+ 44. Kf4 Bc6 45. Kg3 Bb7 46. Kg2 Ba8 47. Kf1 Bd5 48. Ke2 Bc6 49. Kd2 Bd5 50. Kc3 Bc6 51. Kc4 Bb7 52. d5 Ke5 53. Be7 Bxd5+ 54. Kc3 Kf5 55. Bg5 Kg4 56. Kd2 Kf3 57. Ke1 Bc4 58. Bd8 Kg4 59. Bg5 1/2-1/2